[Event "XIX Najdorf Memorial 2019"]
[Site "Warsaw"]
[Date "2019.07.10"]
[Round "5.16"]
[White "Malek, Daniel"]
[Black "Sowul, Bartosz"]
[Result "1/2-1/2"]
[WhiteElo "2362"]
[BlackElo "2210"]
[Annotator "NA"]
[PlyCount "115"]
[EventDate "2019.07.06"]
[EventType "swiss"]
[EventCountry "POL"]
[SourceTitle "playchess.com"]
[Source "ChessBase"]
[SourceQuality "1"]
[TimeControl "40/5400+30:1800+30"]

1. d4 {[%emt 0:00:00]} Nf6 {[%emt 0:02:31]} 2. c4 {[%emt 0:00:00]} c5 {[%emt 0:00:08]} 3. d5 {[%emt 0:00:00]} b5 {[%emt 0:00:15]} 4. cxb5 {[%emt 0:00:00]} a6 {[%emt 0:00:11]} 5. bxa6 {[%emt 0:00:00]} g6 {[%emt 0:00:17]} 6. Nc3 {[%emt 0:00:05]} Bg7 {[%emt 0:00:08]} 7. e4 {[%emt 0:00:08]} O-O {[%emt 0:00:08]} 8. e5 {[%emt 0:00:48]} Ne8 {[%emt 0:00:37]} 9. h4 {[%emt 0:00:07]} d6 {[%emt 0:05:20]} 10. e6 {[%emt 0:04:07]} Nf6 {[%emt 0:00:09]} 11. exf7+ {[%emt 0:27:40]} Rxf7 {[%emt 0:00:07]} 12. Nf3 {[%emt 0:00:08]} Nxa6 {[%emt 0:00:35]} 13. Ng5 {[%emt 0:00:35]} Rf8 {[%emt 0:00:09]} 14. Bc4 {[%emt 0:07:42]} Nb4 {[%emt 0:03:20]} 15. Be3 {[%emt 0:06:14]} Ng4 {[%emt 0:24:09]} 16. a3 {[%emt 0:00:47]} Nxe3 {[%emt 0:38:03]} 17. fxe3 {[%emt 0:00:10]} Qb6 {[%emt 0:00:58]} 18. Rc1 {[%emt 0:12:40]} Be5 {[%emt 0:04:01]} 19. Nf3 {[%emt 0:01:05]} Bg3+ {[%emt 0:04:20]} 20. Ke2 {[%emt 0:00:59]} Ba6 {[%emt 0:01:26]} 21. Qb3 {[%emt 0:04:14]} Nxd5 {[%emt 0:05:54]} 22. Kd2 {[%emt 0:00:32]} Qxb3 {[%emt 0:00:58]} 23. Bxb3 {[%emt 0:00:02]} c4 {[%emt 0:00:15]} 24. Nxd5 {[%emt 0:01:01]} cxb3 {[%emt 0:00:43]} 25. Nc7 {[%emt 0:07:36]} Ra7 {[%emt 0:00:55]} 26. Nxa6 {[%emt 0:00:08]} Rxa6 {[%emt 0:00:07]} 27. Rc3 {[%emt 0:00:07]} Rb6 {[%emt 0:01:12]} 28. Rhc1 {[%emt 0:05:08]} Rbb8 {[%emt 0:02:27]} 29. Rc7 {[%emt 0:09:20]} e5 {[%emt 0:00:40]} 30. Re7 {[%emt 0:00:07]} Rbc8 {[%emt 0:04:08]} 31. Rc3 {[%emt 0:00:20]} d5 {[%emt 0:00:37]} 32. Nxe5 {[%emt 0:00:56]} Rf2+ {[%emt 0:00:27]} 33. Kd3 {[%emt 0:00:17]} Rb8 {[%emt 0:00:34]} 34. Rcc7 {[%emt 0:06:54]} Bxe5 {[%emt 0:00:26]} 35. Rxe5 {[%emt 0:00:05]} Rxb2 {[%emt 0:00:21]} 36. Ree7 {[%emt 0:00:58]} Ra2 {[%emt 0:00:31]} 37. Rg7+ {[%emt 0:00:14]} Kf8 {[%emt 0:00:43]} 38. Rxh7 {[%emt 0:00:06]} Kg8 {[%emt 0:00:14]} 39. Rcg7+ {[%emt 0:00:32]} Kf8 {[%emt 0:00:06]} 40. Ra7 {[%emt 0:00:00]} Kg8 {[%emt 0:00:00]} 41. Rhg7+ {[%emt 0:04:03]} Kf8 {[%emt 0:09:00]} 42. Rgf7+ {[%emt 0:00:13]} Ke8 {[%emt 0:00:54]} 43. Rh7 {[%emt 0:00:34]} Rf2 {[%emt 0:00:35]} 44. Rhb7 {[%emt 0:01:15]} Rd8 {[%emt 0:08:12]} 45. Rxb3 {[%emt 0:00:31]} Rxg2 {[%emt 0:00:08]} 46. Rbb7 {[%emt 0:01:20]} Kf8 {[%emt 0:01:39]} 47. Kd4 {[%emt 0:03:03]} Rg4+ {[%emt 0:01:40]} 48. Ke5 {[%emt 0:01:06]} Re4+ {[%emt 0:00:41]} 49. Kf6 {[%emt 0:00:16]} Rd6+ {[%emt 0:00:11]} 50. Kg5 {[%emt 0:00:08]} Rxe3 {[%emt 0:02:04]} 51. Rh7 {[%emt 0:03:48]} Re5+ {[%emt 0:02:55]} 52. Kf4 {[%emt 0:01:10]} Re4+ {[%emt 0:00:16]} 53. Kg5 {[%emt 0:03:02]} Re5+ {[%emt 0:00:06]} 54. Kf4 {[%emt 0:00:13]} Re4+ {[%emt 0:00:07]} 55. Kg3 {[%emt 0:02:36]} Kg8 {[%emt 0:00:17]} 56. Rag7+ {[%emt 0:00:50]} Kf8 {[%emt 0:00:21]} 57. Rf7+ {[%emt 0:00:21]} Kg8 {[%emt 0:00:15]} 58. Rfg7+ {[%emt 0:00:40]} 1/2-1/2

[Event "XIX Najdorf Memorial 2019"]
[Site "Warsaw"]
[Date "2019.07.10"]
[Round "5.17"]
[White "Fus, Jakub"]
[Black "Kubicka, Anna"]
[Result "1-0"]
[WhiteElo "2341"]
[BlackElo "2202"]
[Annotator "TA"]
[PlyCount "163"]
[EventDate "2019.07.06"]
[EventType "swiss"]
[EventCountry "POL"]
[SourceTitle "playchess.com"]
[Source "ChessBase"]
[SourceQuality "1"]

{[%evp 12,163,65,53,54,0,0,0,15,28,27,16,19,15,12,14,69,43,59,14,57,26,85,84,104,98,109,93,97,62,62,64,120,93,103,95,99,65,79,45,57,27,47,-37,260,240,274,180,162,166,160,91,113,103,150,129,162,118,159,125,158,153,139,101,192,187,181,180,174,159,161,146,145,29,22,0,0,0,0,0,0,0,0,0,226,231,221,222,292,293,289,292,265,270,262,202,279,279,429,406,429,423,400,243,358,394,377,323,445,451,543,533,564,561,551,543,499,472,453,439,1014,1498,29965,29967,29966,29967,29963,29965,29963,29963,29964,29963,29965,29966,29967,29968,29977,29978,29979,29980,29983,29984,29985,29986,29986,29986,29987,29986,29986,29984,29984,29985,29985,29986]} 1. d4 Nf6 2. c4 c5 3. d5 b5 4. cxb5 a6 5. b6 d6 6. Nc3 g6 7. Nf3 Bg7 {A57: Benko/Volga Gambit} 8. Nd2 (8. e4 $14) (8. e4 Nbd7 9. a4 Qxb6 10. a5 Qc7 11. Be2 O-O 12. O-O Rb8 13. Nd2 Rb4 14. Nc4 Re8 15. Re1 Bb7 16. Bf4 Nh5 {0-1 (85) Kuzubov,Y (2699)-Jumabayev,R (2612) Riadh 2017}) 8... Nbd7 $11 9. e4 Nxb6 {The position is equal.} 10. a4 {[%cal Ba2a4,Ba4a5][%mdl 32]} O-O 11. a5 Nbd7 12. Nc4 Rb8 13. Be2 Qc7 (13... Ne8 $11) 14. Bf4 $146 ({Predecessor:} 14. O-O Rb4 15. Qc2 Ne8 16. Na4 Rb8 {0-1 (52) Pultorak,J (2053)-Adamowicz,M (2072) Krakow 2015}) 14... Ne8 15. O-O $36 {[%mdl 2048] White has some pressure.} f5 16. f3 Nef6 (16... Bd4+ $11 {keeps the balance.} 17. Kh1 Rf7) 17. exf5 $16 Nh5 18. Be3 {Threatens to win with g4.} gxf5 19. f4 Nhf6 20. Qc2 Ng4 21. Kh1 Rb4 (21... Nxe3 $14 22. Nxe3 Bd4 23. Nxf5 Nf6) 22. Bg1 Qd8 23. h3 Ngf6 24. Rad1 Qe8 25. b3 Nh5 26. Bh2 Qg6 27. Bd3 ({White should play} 27. Na2 $14 Rb8 28. Rde1) 27... Qh6 $2 {[%mdl 8192]} (27... Bxc3 $1 $15 {keeps the upper hand.} 28. Qxc3 Ndf6) 28. Na2 $1 $18 Rb8 29. Bxf5 Bd4 30. Be6+ Kh8 31. f5 (31. Nc1 $142) 31... Ndf6 $16 32. Rf3 Bxe6 33. dxe6 Rg8 34. Nc1 Rg7 35. Qd2 Qxd2 36. Nxd2 Nd5 37. Nc4 Rbg8 (37... Nc3 $16 38. Re1 Nb5) 38. g4 $18 Nhf6 39. Ne2 h5 40. Nxd4 {Hoping for g5!} cxd4 41. Rxd4 hxg4 42. hxg4 (42. Rg3 $16) 42... Rxg4 $11 43. Rd2 R8g5 44. Nb6 Re4 {( -> ...Re1+)} 45. Rg2 ({Avoid the trap} 45. Nxd5 $2 Re1+ 46. Bg1 Rgxg1+ 47. Kh2 Rh1+ 48. Kg2 Reg1+ 49. Kf2 Ne4+ 50. Ke3 Nxd2 $19) 45... Rh5 {White must now prevent ...Nf4.} 46. Nxd5 Nxd5 47. Kg1 Ne3 $2 {[#]} (47... Rd4 $11) 48. f6 $1 $18 {[%cal Rf6f7][%mdl 512]} exf6 49. Re2 Rg4+ 50. Bg3 Nf5 51. e7 Nxe7 52. Rxe7 Rxa5 53. Rc3 Rag5 54. Kf2 d5 (54... Rf5+ $142 55. Ke2 Rc5) 55. Rc8+ Rg8 56. Rxg8+ Kxg8 {[%mdl 4096] Endgame KRB-KR} 57. Rb7 Rd4 (57... Re4 $142 58. Bd6 d4) 58. Bd6 a5 59. Ke3 Re4+ 60. Kd3 f5 61. Ra7 f4 {Now ...Re3+ and Black clings on.} 62. Rxa5 Re3+ 63. Kc2 Re2+ 64. Kc3 Re3+ 65. Kb4 Re4+ (65... Rd3 $142 66. Ra7 f3) 66. Kc5 f3 67. Ra8+ {White mates.} Kg7 68. Rf8 Re3 69. b4 Rc3+ 70. Kb6 d4 {[#]} 71. Rf4 $1 Kg6 72. Rxd4 Kg5 73. Rd2 Kg4 74. Bc5 Kf4 75. b5 {[%cal Bb4b5,Bb5b6,Bb6b7][%mdl 32]} Ke4 76. Kc6 Rc1 77. b6 Rh1 78. b7 Rh8 79. Kc7 Rh7+ 80. Kb6 Rh6+ 81. Ka7 Rh7 82. Ka8 {Accuracy: White = 71%, Black = 41%.} 1-0

[Event "XIX Najdorf Memorial 2019"]
[Site "Warsaw"]
[Date "2019.07.10"]
[Round "5.18"]
[White "Zebracki, Tomasz"]
[Black "Czerw, Dawid"]
[Result "1-0"]
[WhiteElo "2183"]
[BlackElo "2326"]
[Annotator "TA"]
[PlyCount "89"]
[EventDate "2019.07.06"]
[EventType "swiss"]
[EventCountry "POL"]
[SourceTitle "playchess.com"]
[Source "ChessBase"]
[SourceQuality "1"]

{[%evp 17,89,20,20,0,0,0,0,0,0,0,0,-8,-8,-17,-17,-31,-37,-27,-17,-17,-17,-17,-17,-17,-17,-17,-13,-69,-73,-70,-77,-93,-49,-46,-73,-94,-85,-72,-73,-107,-89,-310,-309,-261,-244,-239,-201,-199,-211,-225,-197,-233,-226,-254,-250,-252,-236,-229,-236,-348,-227,-227,-227,-352,-350,-351,-339,-331,-254,-228,-223,-219,5202,4634]} 1. e4 c5 2. Nf3 e6 3. d4 cxd4 4. Nxd4 Nc6 5. Nc3 Qc7 6. f4 a6 7. Nxc6 bxc6 8. Bd3 d5 9. O-O Nf6 10. Be3 {B46: Sicilian: Taimanov: 5 Nc3 a6} (10. Kh1 Be7 11. Qe2 O-O 12. Bd2 c5 13. b3 Bb7 14. e5 Nd7 15. Rae1 f5 16. exf6 Rxf6 17. Nd1 Bd6 18. Nf2 {1-0 (43) Bacrot,E (2692)-Laznicka,V (2676) Germany 2016}) 10... Be7 11. e5 Nd7 12. Na4 {The position is equal.} c5 13. c4 d4 14. Bd2 Bb7 15. a3 a5 16. Re1 g6 17. Rb1 $146 ({Predecessor:} 17. b3) 17... Bc6 18. Be4 Bxe4 19. Rxe4 Qc6 20. Re1 O-O 21. b3 f6 22. Nb2 ({Better is} 22. exf6 $11 Rxf6 23. Nb2) 22... fxe5 $15 23. fxe5 Rf5 24. Nd3 Bf8 (24... a4 {is more complex.} 25. Bh6 axb3 26. Qxb3 Bf8 27. Bxf8 Rfxf8 28. Qb7 Qxb7 29. Rxb7 Rxa3 30. Rd1 Rf7) 25. Qc2 Bg7 {[%cal Rd7e5]} 26. Bf4 Raf8 27. Bg3 Bh6 $40 {[%mdl 128] White is in trouble.} 28. Bf2 Qc7 {[%cal Rd7e5]} 29. h4 $2 (29. Qd1 $17) 29... Nxe5 $19 30. Rxe5 {[#] Threatens to win with Rbe1.} Rxf2 $1 {[%mdl 512]} 31. Qxf2 Be3 32. Qxe3 dxe3 33. Rxe3 Qd8 {Strongly threatening ...a4.} 34. Rbe1 Qxh4 35. Rxe6 Qd4+ 36. R1e3 Qa1+ 37. Ne1 Qxa3 38. Nf3 (38. R6e4 {was necessary.}) 38... Qa1+ 39. Kh2 Qg7 40. R3e5 (40. R6e5 {is a better defense.}) 40... Qh6+ 41. Kg1 Qc1+ 42. Kh2 Qb2 43. Re3 Rb8 44. Ng5 Qd4 $4 {[%mdl 8192]} ({Worse is} 44... Rxb3 45. Re8+ Kg7 46. R8e7+ Kh6 47. Nf7+ Kg7 48. Nd6+ Kh6 49. Nf7+ Kg7 50. Nd6+ Kf6 51. R7e6+ Kg5 52. Nf7+ Kg4 53. R3e4+ Kf5 54. Nd6+ Kg5 55. Nf7+ Kf5 56. Nd6+ Kg5 57. Nf7+ Kf5 $11) (44... Qf2 $19 45. R6e4 Qf8) 45. Re8+ {Accuracy: White = 53%, Black = 71%.} 1-0

[Event "XIX Najdorf Memorial 2019"]
[Site "Warsaw"]
[Date "2019.07.10"]
[Round "5.19"]
[White "Kucza, Karol"]
[Black "Budrewicz, Krzysztof"]
[Result "0-1"]
[WhiteElo "2315"]
[BlackElo "2188"]
[Annotator "TA"]
[PlyCount "108"]
[EventDate "2019.07.06"]
[EventType "swiss"]
[EventCountry "POL"]
[SourceTitle "playchess.com"]
[Source "ChessBase"]
[SourceQuality "1"]

{[%evp 21,146,22,22,15,29,15,15,12,20,-101,-91,-120,-127,-124,-110,-106,104,102,104,107,172,159,187,149,151,171,229,239,192,222,226,208,479,479,475,471,442,413,680,679,671,672,661,662,633,632,666,649,745,602,747,550,627,-230,-230,-332,-230,-230,-191,-558,0,-230,-229,-485,-485,-481,-432,-560,-229,-560,-560,-1140,-1140,-797,-230,-230,-230,-230,-230,-2231,-1990,-2289,-2006,-2104,-2282,-1992,-2024,-1803,-1655,-29960,-5417,-29970,-29970,-29978,-29979,-29978,-29949,-29973,-29974,-29972,-29973,-29974,-29976,-29974,-29975,-29977,-29978,-29978,-29979,-29979,-29980,-29982,-29983,-29981,-29982,-29990,-29991,-29991,-29992,-29992,-29992,-29992,-29993,-29993,-29994,-29994,-29995]} 1. e4 c5 2. Nf3 e6 3. d4 cxd4 4. Nxd4 Nf6 5. Nc3 d6 6. g4 h6 7. h4 Nc6 8. Rg1 d5 9. exd5 Nxd5 10. Nxd5 exd5 11. Bb5 Bd7 12. Qe2+ {B81: Sicilian Scheveningen: Keres Attack} (12. Be3 Be7 13. Qd2 Nxd4 14. Bxd7+ Qxd7 15. Bxd4 Qe6+ 16. Qe2 O-O 17. g5 hxg5 18. hxg5 Rac8 19. c3 Bc5 20. Rd1 {½-½ (36) Azarov,S (2589)-Ftacnik,L (2555) Czech Republic 2016}) 12... Be7 13. Nf5 O-O {Strongly threatening ...Bf6.} 14. Bxc6 {The position is equal.} Re8 {Threatens to win with ...Bb4+.} 15. Bxd7 (15. Nxe7+ $11 Rxe7 16. Be3 bxc6 17. O-O-O) 15... Bb4+ $17 {[%mdl 64] Discovered Attack} 16. c3 Rxe2+ 17. Kxe2 Qxd7 18. cxb4 {[#]} Qb5+ $146 (18... Re8+ $1 $17 {and life is bright.} 19. Kf1 d4) ({Predecessor:} 18... Re8+ 19. Kf1 d4 {0-1 (43) Kelemen,G (1774)-Bilsel,S (1789) LSS email 2013}) 19. Kf3 $16 Qxb4 20. Be3 Kh7 (20... Re8 $16) 21. b3 Re8 22. Rad1 Qe4+ 23. Kg3 Qc2 (23... h5 $142) 24. Rxd5 Qxa2 25. Nd4 Qa6 26. Rc1 Qd3 $2 {[#]} (26... Re4 27. Rd1 Qg6) 27. Rc7 $1 $18 {[%csl LRb7,LRf7]} Qd1 {Hoping for ...Qg1+.} 28. Rxf7 Qg1+ 29. Kf4 Kg6 (29... Qh2+ $142 30. Kf5 Qh1) 30. Nf3 {[%mdl 64] Discovered Attack} Re4+ 31. Kxe4 Qb1+ 32. Kf4 {Threatening mate with Rdd7.} Kxf7 33. Rd7+ Kf8 34. Rxb7 a5 35. Ne5 {aiming for Rb8+.} a4 36. Rb8+ Ke7 37. bxa4 $4 {[%mdl 8192]} (37. h5 $18 Qc2 38. bxa4) 37... Qxb8 $19 38. Kf5 (38. Ke4 {was the only defense.} Ke6 39. Nf3) 38... Qb1+ 39. Kf4 Qb4+ 40. Kf5 $2 (40. Kg3 {is more resistant.} Qxa4 41. Ng6+ Ke6 42. h5) 40... Qb1+ (40... Kd6 $142 41. Nd3 Qxa4 {[%mdl 64] Decoy}) 41. Kf4 Ke6 42. Nc6 $2 (42. Nf3 {was the only chance.}) 42... g6 43. Nd4+ Kd5 44. a5 Qe4+ 45. Kg3 h5 46. gxh5 gxh5 47. a6 Qg6+ $2 (47... Qg4+ 48. Kh2 Qxh4+ 49. Kg1 Qf6) 48. Kh2 Qd6+ 49. Kg2 Qxa6 50. Nf5 $2 (50. f3) 50... Qf6 51. Ng3 Qxh4 52. f3 Ke5 53. Ne4 Qd8 54. Bg5 Qd3 {Played: Qd8-g8} 0-1

[Event "XIX Najdorf Memorial 2019"]
[Site "Warsaw"]
[Date "2019.07.10"]
[Round "5.20"]
[White "Hassan, Abdullah"]
[Black "Lisowski, Krzysztof"]
[Result "0-1"]
[WhiteElo "2311"]
[BlackElo "2187"]
[Annotator "NA"]
[PlyCount "88"]
[EventDate "2019.07.06"]
[EventType "swiss"]
[EventCountry "POL"]
[SourceTitle "playchess.com"]
[Source "ChessBase"]
[SourceQuality "1"]
[TimeControl "40/5400+30:1800+30"]

1. d4 Nf6 2. Nf3 e6 3. e3 b6 4. Bd3 Bb7 5. O-O d5 6. b3 Nbd7 7. Bb2 Be7 8. c4 O-O 9. Nc3 c5 10. Rc1 Rc8 11. cxd5 exd5 12. Qe2 Ne4 13. Rfd1 Re8 14. dxc5 Bxc5 15. Bxe4 dxe4 16. Nd4 Qf6 17. Na4 Bf8 18. Rxc8 Rxc8 19. Nb5 Qf5 20. Nxa7 Ra8 21. Qb5 Qxb5 22. Nxb5 Bc6 23. Nc7 Rc8 24. Nd5 Bxa4 25. bxa4 Rc2 26. Bd4 Rxa2 27. Ra1 Rxa1+ 28. Bxa1 Bc5 29. Kf1 f5 30. Ke2 Kf7 31. Kd1 g6 32. Kc2 Ke6 33. Nf4+ Kd6 34. Kb3 Ne5 35. Bxe5+ Kxe5 36. Kc4 g5 37. Nd5 Kd6 38. g4 f4 39. exf4 gxf4 40. Nf6 Ke5 41. g5 Bxf2 42. Ng4+ Kf5 43. Nxf2 e3 44. Nd3 f3 0-1

[Event "XIX Najdorf Memorial 2019"]
[Site "Warsaw"]
[Date "2019.07.10"]
[Round "5.21"]
[White "Punin, Andrii"]
[Black "Shkliar, Boris"]
[Result "1-0"]
[WhiteElo "2305"]
[BlackElo "2160"]
[Annotator "NA"]
[PlyCount "141"]
[EventDate "2019.07.06"]
[EventType "swiss"]
[EventCountry "POL"]
[SourceTitle "playchess.com"]
[Source "ChessBase"]
[SourceQuality "1"]
[TimeControl "40/5400+30:1800+30"]

1. Nf3 f5 2. d3 d5 3. g3 Nc6 4. d4 Nf6 5. Bg2 e6 6. c4 Bb4+ 7. Bd2 Bxd2+ 8. Nbxd2 O-O 9. O-O Bd7 10. cxd5 exd5 11. Qb3 Qe7 12. e3 Kh8 13. Qxb7 Rab8 14. Qa6 Rxb2 15. Nb3 Ne4 16. Rab1 Rxb1 17. Rxb1 Rb8 18. Rc1 Rb6 19. Qf1 Be8 20. Nfd2 Nb4 21. Nxe4 fxe4 22. Nc5 Nxa2 23. Ra1 Rb2 24. Rb1 Rc2 25. Bh3 h6 26. Bf5 Qf8 27. Qh3 Rc1+ 28. Rxc1 Nxc1 29. g4 Qe7 30. Qf1 Na2 31. Qb1 g6 32. Be6 Nc3 33. Qb8 Kg7 34. Qxa7 Bf7 35. Bxf7 Qxf7 36. Qxc7 Qxc7 37. Ne6+ Kf6 38. Nxc7 Kg5 39. h3 h5 40. gxh5 gxh5 41. Ne6+ Kh4 42. Nf4 Na2 43. Nxd5 Kxh3 44. Nf6 Nc3 45. Nxh5 Kg4 46. Nf6+ Kf3 47. Kf1 Nb5 48. Nd7 Kg4 49. Nc5 Nc3 50. Kg2 Kf5 51. f3 exf3+ 52. Kxf3 Nb5 53. e4+ Kf6 54. Ke3 Ke7 55. e5 Nc3 56. Kd3 Nd5 57. Na4 Ke6 58. Nc3 Nb6 59. Ke4 Nc4 60. d5+ Ke7 61. Ne2 Nd2+ 62. Kf4 Nb3 63. Kf5 Nd2 64. Nf4 Nc4 65. Ng6+ Kf7 66. d6 Ke8 67. Ke6 Nb6 68. Ne7 Kd8 69. Nd5 Nc4 70. Nf6 Na5 71. Kd5 1-0

[Event "XIX Najdorf Memorial 2019"]
[Site "Warsaw"]
[Date "2019.07.10"]
[Round "5.22"]
[White "Sanz Wawer, Daniel"]
[Black "Deszczynski, Adam"]
[Result "1/2-1/2"]
[WhiteElo "2154"]
[BlackElo "2304"]
[Annotator "NA"]
[PlyCount "43"]
[EventDate "2019.07.06"]
[EventType "swiss"]
[EventCountry "POL"]
[SourceTitle "playchess.com"]
[Source "ChessBase"]
[SourceQuality "1"]
[TimeControl "40/5400+30:1800+30"]

1. e4 e5 2. Nf3 Nc6 3. Bc4 Bc5 4. c3 Nf6 5. d3 a6 6. Bb3 Ba7 7. O-O d6 8. h3 O-O 9. Nbd2 h6 10. Re1 Be6 11. Nf1 Re8 12. Ng3 d5 13. Qe2 Qd7 14. Kh2 dxe4 15. Bxe6 Rxe6 16. dxe4 Rd8 17. Be3 Qd3 18. Qxd3 Rxd3 19. Bxa7 Nxa7 20. Rad1 Rxd1 21. Rxd1 Nc6 22. Kg1 1/2-1/2

[Event "XIX Najdorf Memorial 2019"]
[Site "Warsaw"]
[Date "2019.07.10"]
[Round "5.23"]
[White "Godzwon, Iwo"]
[Black "Mirski, Michal"]
[Result "1-0"]
[WhiteElo "2285"]
[BlackElo "2017"]
[Annotator "NA"]
[PlyCount "111"]
[EventDate "2019.07.06"]
[EventType "swiss"]
[EventCountry "POL"]
[SourceTitle "playchess.com"]
[Source "ChessBase"]
[SourceQuality "1"]
[TimeControl "40/5400+30:1800+30"]

1. e4 {[%emt 0:00:00]} c5 {[%emt 0:18:43]} 2. Nf3 {[%emt 0:00:00]} e6 {[%emt 0:00:18]} 3. d4 {[%emt 0:00:00]} cxd4 {[%emt 0:00:05]} 4. Nxd4 {[%emt 0:00:00]} Nc6 {[%emt 0:00:37]} 5. Nc3 {[%emt 0:00:06]} Qc7 {[%emt 0:00:42]} 6. f4 {[%emt 0:12:04]} a6 {[%emt 0:14:13]} 7. Nxc6 {[%emt 0:00:09]} Qxc6 {[%emt 0:02:13]} 8. Bd3 {[%emt 0:00:04]} Bc5 {[%emt 0:01:49]} 9. Qg4 {[%emt 0:03:34]} g6 {[%emt 0:02:11]} 10. Bd2 {[%emt 0:11:18]} Nf6 {[%emt 0:06:22]} 11. Qe2 {[%emt 0:01:19]} b5 {[%emt 0:16:07]} 12. e5 {[%emt 0:07:57]} Nd5 {[%emt 0:00:47]} 13. Nxd5 {[%emt 0:00:04]} exd5 {[%emt 0:00:21]} 14. h4 {[%emt 0:01:24]} Bb7 {[%emt 0:01:03]} 15. h5 {[%emt 0:00:06]} O-O-O {[%emt 0:01:24]} 16. O-O-O {[%emt 0:00:16]} d4 {[%emt 0:02:06]} 17. Rh2 {[%emt 0:05:34]} Qe6 {[%emt 0:01:08]} 18. Kb1 {[%emt 0:01:37]} Bd5 {[%emt 0:01:22]} 19. b3 {[%emt 0:00:53]} d6 {[%emt 0:02:32]} 20. Re1 {[%emt 0:10:01]} dxe5 {[%emt 0:05:47]} 21. fxe5 {[%emt 0:04:01]} Rhe8 {[%emt 0:00:14]} 22. Qf2 {[%emt 0:01:15]} Qc6 {[%emt 0:05:38]} 23. g3 {[%emt 0:02:03]} Rd7 {[%emt 0:00:41]} 24. hxg6 {[%emt 0:08:12]} hxg6 {[%emt 0:00:14]} 25. Qf4 {[%emt 0:00:22]} Qb6 {[%emt 0:04:49]} 26. Be4 {[%emt 0:02:28]} Be6 {[%emt 0:00:24]} 27. Reh1 {[%emt 0:01:03]} a5 {[%emt 0:05:24]} 28. Rh8 {[%emt 0:01:05]} Red8 {[%emt 0:01:07]} 29. Qf3 {[%emt 0:08:09]} a4 {[%emt 0:02:00]} 30. Bg5 {[%emt 0:00:08]} Rxh8 {[%emt 0:00:55]} 31. Rxh8+ {[%emt 0:00:03]} Kc7 {[%emt 0:00:19]} 32. Bc6 {[%emt 0:00:59]} axb3 {[%emt 0:01:00]} 33. axb3 {[%emt 0:00:04]} Qxc6 {[%emt 0:03:22]} 34. Rc8+ {[%emt 0:00:03]} Kxc8 {[%emt 0:00:01]} 35. Qxc6+ {[%emt 0:00:04]} Rc7 {[%emt 0:00:09]} 36. Qe8+ {[%emt 0:00:03]} Kb7 {[%emt 0:00:16]} 37. Qxb5+ {[%emt 0:00:08]} Kc8 {[%emt 0:00:35]} 38. Bd2 {[%emt 0:04:14]} Be7 {[%emt 0:01:30]} 39. Ba5 {[%emt 0:00:13]} Rd7 {[%emt 0:00:27]} 40. Qc6+ {[%emt 0:00:00]} Kb8 {[%emt 0:00:00]} 41. b4 {[%emt 0:03:47]} Rb7 {[%emt 0:03:48]} 42. Kc1 {[%emt 0:10:30]} Ka7 {[%emt 0:05:59]} 43. b5 {[%emt 0:04:15]} Bd7 {[%emt 0:01:27]} 44. Qa6+ {[%emt 0:00:11]} Kb8 {[%emt 0:00:20]} 45. b6 {[%emt 0:00:02]} Be6 {[%emt 0:02:02]} 46. Qb5 {[%emt 0:01:25]} Rd7 {[%emt 0:00:44]} 47. Qc6 {[%emt 0:01:44]} Ba3+ {[%emt 0:03:02]} 48. Kd2 {[%emt 0:00:57]} Be7 {[%emt 0:00:16]} 49. Ke1 {[%emt 0:00:55]} Ba3 {[%emt 0:04:42]} 50. Kf2 {[%emt 0:00:29]} Be7 {[%emt 0:00:21]} 51. Bd2 {[%emt 0:00:13]} g5 {[%emt 0:10:02]} 52. Kg1 {[%emt 0:02:16]} Bf5 {[%emt 0:00:23]} 53. Bc1 {[%emt 0:01:39]} Be6 {[%emt 0:00:25]} 54. Bb2 {[%emt 0:00:14]} Bd8 {[%emt 0:03:53]} 55. Ba3 {[%emt 0:00:05]} Bxb6 {[%emt 0:00:35]} 56. Qxb6+ {[%emt 0:00:04]} 1-0

[Event "XIX Najdorf Memorial 2019"]
[Site "Warsaw"]
[Date "2019.07.10"]
[Round "5.24"]
[White "Piotrowski, Przemyslaw"]
[Black "Rakshitta Ravi"]
[Result "1-0"]
[WhiteElo "2273"]
[BlackElo "2112"]
[Annotator "NA"]
[PlyCount "83"]
[EventDate "2019.07.06"]
[EventType "swiss"]
[EventCountry "POL"]
[SourceTitle "playchess.com"]
[Source "ChessBase"]
[SourceQuality "1"]
[TimeControl "40/5400+30:1800+30"]

1. Nf3 {[%emt 0:00:43]} Nf6 {[%emt 0:00:00]} 2. c4 {[%emt 0:00:04]} e6 {[%emt 0:00:01]} 3. g3 {[%emt 0:00:06]} d5 {[%emt 0:00:06]} 4. Bg2 {[%emt 0:00:05]} Be7 {[%emt 0:00:06]} 5. O-O {[%emt 0:00:06]} O-O {[%emt 0:00:06]} 6. b3 {[%emt 0:00:03]} c5 {[%emt 0:00:07]} 7. cxd5 {[%emt 0:00:05]} Nxd5 {[%emt 0:00:24]} 8. Bb2 {[%emt 0:00:05]} Nc6 {[%emt 0:00:38]} 9. d4 {[%emt 0:00:06]} cxd4 {[%emt 0:05:15]} 10. Nxd4 {[%emt 0:00:04]} Nxd4 {[%emt 0:01:37]} 11. Qxd4 {[%emt 0:01:10]} Bf6 {[%emt 0:00:14]} 12. Qd2 {[%emt 0:00:05]} Bxb2 {[%emt 0:11:11]} 13. Qxb2 {[%emt 0:00:04]} Qe7 {[%emt 0:00:08]} 14. Nc3 {[%emt 0:06:30]} Nf6 {[%emt 0:25:17]} 15. Rfd1 {[%emt 0:10:38]} e5 {[%emt 0:01:19]} 16. Nb5 {[%emt 0:09:31]} a6 {[%emt 0:09:27]} 17. Nd6 {[%emt 0:12:26]} Rb8 {[%emt 0:05:57]} 18. Rac1 {[%emt 0:17:39]} Rd8 {[%emt 0:19:48]} 19. Nc4 {[%emt 0:03:03]} Rxd1+ {[%emt 0:00:09]} 20. Rxd1 {[%emt 0:00:02]} e4 {[%emt 0:00:12]} 21. Bxe4 {[%emt 0:07:46]} Bg4 {[%emt 0:10:16]} 22. Bd3 {[%emt 0:00:54]} Rd8 {[%emt 0:02:51]} 23. Qe5 {[%emt 0:01:29]} Qf8 {[%emt 0:01:28]} 24. Ne3 {[%emt 0:01:03]} Bh3 {[%emt 0:01:01]} 25. Qf4 {[%emt 0:02:01]} h6 {[%emt 0:00:49]} 26. g4 {[%emt 0:02:43]} h5 {[%emt 0:01:25]} 27. gxh5 {[%emt 0:02:35]} Qe7 {[%emt 0:02:08]} 28. Qh4 {[%emt 0:02:06]} Be6 {[%emt 0:01:15]} 29. h6 {[%emt 0:00:08]} g6 {[%emt 0:00:42]} 30. Qg5 {[%emt 0:03:08]} Rd4 {[%emt 0:00:28]} 31. h7+ {[%emt 0:02:15]} Kh8 {[%emt 0:00:33]} 32. Qe5 {[%emt 0:00:01]} Qd8 {[%emt 0:00:30]} 33. f3 {[%emt 0:01:27]} Rd7 {[%emt 0:00:30]} 34. h4 {[%emt 0:03:11]} Kxh7 {[%emt 0:00:17]} 35. h5 {[%emt 0:00:13]} Nd5 {[%emt 0:00:43]} 36. hxg6+ {[%emt 0:00:19]} fxg6 {[%emt 0:00:30]} 37. Qxe6 {[%emt 0:00:54]} Nf4 {[%emt 0:00:28]} 38. Bxg6+ {[%emt 0:00:18]} Kh6 {[%emt 0:00:28]} 39. Ng4+ {[%emt 0:00:29]} Kg5 {[%emt 0:00:07]} 40. Qxd7 {[%emt 0:00:00]} Qb6+ {[%emt 0:00:00]} 41. Kf1 {[%emt 0:01:11]} Nh3 {[%emt 0:00:26]} 42. Qd8+ {[%emt 0:00:43]} 1-0